| 000 | 01014cab a2200253 4500 | ||
|---|---|---|---|
| 001 | ABS55713 | ||
| 008 | 090401t1996 xxu||||| |||| 00| 0 eng d | ||
| 035 | _a(Sirsi) u18253 | ||
| 041 | _aeng | ||
| 245 | _aWindsor Life Assurance Co Ltd v Austin and another | ||
| 260 | _c1996 | ||
| 350 | _a0 | ||
| 490 |
_aEstates Gazette _v1996 34 EG 93-1-4(12) |
||
| 520 | _aLT 7 December 1995. Appeal from West Midlands LVT over determination of price for freehold interest of house under the Leasehold Reform Act 1967. 99-year lease granted in 1971 with rising ground rent. 77 years unexpired. Price determined at £796 representing 22.74 years purchase of initial ground rent. Tenants to pay 50% of landlord`s costs. | ||
| 650 | _aCOSTS | ||
| 650 | _aDELAFORCE EFFECT | ||
| 650 | _aDETERMINATION OF PRICE | ||
| 650 | _aFREEHOLD INTEREST | ||
| 650 | _aLEASEHOLD REFORM ACT 1967 | ||
| 650 | _aVALUE OF REVERSION | ||
| 690 | _aLANDLORD AND TENANT-CASE LAW-LEASEHOLD REFORM | ||
| 942 | _n0 | ||
| 948 | _c04/03/1997 | ||
| 999 |
_c12113 _d12113 |
||